000
00286nam a22001217a 4500
008
230619b xxu||||| |||| 00| 0 eng d
082
_a
198.36
_b
NOR
100
_c
Ole Nargaard
245
_a
Kenya in the Social Sciences
260
_a
Kenya
_b
KLB
_c
1980
300
_a
372p
942
_2
ddc
_c
BK
999
_c
1195
_d
1195